The green skyscraper (Record no. 8230)
[ view plain ]
| 000 -LEADER | |
|---|---|
| fixed length control field | 00266nam a2200121 4500 |
| 003 - CONTROL NUMBER IDENTIFIER | |
| control field | OSt |
| 005 - DATE AND TIME OF LATEST TRANSACTION | |
| control field | 20201006164729.0 |
| 008 - FIXED-LENGTH DATA ELEMENTS--GENERAL INFORMATION | |
| fixed length control field | 201006b ||||| |||| 00| 0 eng d |
| 020 ## - INTERNATIONAL STANDARD BOOK NUMBER | |
| International Standard Book Number | 9783791319933 |
| 082 ## - DEWEY DECIMAL CLASSIFICATION NUMBER | |
| Classification number | 720.47 |
| Item number | YEA |
| 245 ## - TITLE STATEMENT | |
| Title | The green skyscraper |
| 942 ## - ADDED ENTRY ELEMENTS (KOHA) | |
| Source of classification or shelving scheme | |
| Withdrawn status | Lost status | Source of classification or shelving scheme | Damaged status | Koha normalized classification for sorting | Not for loan | Permanent location | Current location | Date acquired | Total Checkouts | Full call number | Barcode | Date last seen | Date last borrowed | Price effective from | Koha item type |
|---|---|---|---|---|---|---|---|---|---|---|---|---|---|---|---|
| 720_470000000000000_YEA | BMS College of Architecture, Design and Planning | BMS College of Architecture, Design and Planning | 2020-10-06 | 2 | 720.47 YEA | CL-UG38064 | 2026-02-02 | 2026-01-20 | 2020-10-06 | UG Books from CL |